Three Biggest Cities by Body of Water - Statistics

General Stats
  • This quiz has been taken 1,191 times
    642 since last reset
  • The average score is 32 of 48
Answer Stats
Body of Water City % Correct
Mediterranean Sea 4.87 mil Barcelona
88%
East China Sea 40.8 mil Shanghai
88%
Persian Gulf 5.95 mil Dubai
87%
Black Sea 15.9 mil Istanbul
87%
Gulf of Guinea 20.7 mil Lagos
86%
Mediterranean Sea 6.20 mil Alexandria
85%
South China Sea 70.1 mil Guangzhou
84%
Mediterranean Sea 4.25 mil Algiers
83%
Baltic Sea 2.27 mil Stockholm
83%
Great Lakes 9.65 mil Chicago
81%
Baltic Sea 1.77 mil Copenhagen
80%
Baltic Sea 6.50 mil Saint Petersburg
80%
Arabian Sea 27.1 mil Mumbai
79%
Yellow Sea 25.1 mil Seoul
79%
Great Lakes 7.70 mil Toronto
78%
Gulf of Guinea 6.60 mil Accra
77%
Great Lakes 5.75 mil Detroit
77%
Persian Gulf 4.77 mil Kuwait City
77%
Gulf of Mexico 2.22 mil Havana
75%
Strait of Malacca 7.85 mil Singapore
75%
South China Sea 21.2 mil Bangkok
72%
Arabian Sea 20.9 mil Karachi
71%
Strait of Malacca 9.30 mil Kuala Lumpur
71%
Gulf of Guinea 6.80 mil Abidjan
70%
Sea of Japan 4.00 mil Busan
70%
South China Sea 27.2 mil Manila
70%
Black Sea 1.10 mil Odessa
70%
Bay of Bengal 12.6 mil Chennai
69%
Caribbean Sea 3.62 mil Port-au-Prince
68%
Caribbean Sea 3.85 mil Santo Domingo
68%
North Sea 2.52 mil Amsterdam
62%
Gulf of Mexico 7.05 mil Houston
62%
Yellow Sea 11.5 mil Tianjin
61%
East China Sea 9.95 mil Taipei
60%
Bay of Bengal 5.00 mil Chittagong
58%
North Sea 3.40 mil Rotterdam
57%
Gulf of Mexico 4.92 mil Tampa
55%
Persian Gulf 2.82 mil Dammam
51%
Caribbean Sea 3.82 mil Caracas
46%
Strait of Malacca 4.20 mil Medan
45%
East China Sea 13.9 mil Hangzhou
42%
Yellow Sea 7.45 mil Qingdao
42%
Sea of Japan 2.82 mil Fukuoka
41%
Black Sea 1.41 mil Rostov-on-Don
39%
Sea of Japan 2.50 mil Sapporo
37%
North Sea 1.47 mil Newcastle
33%
Arabian Sea 7.75 mil Surat
32%
Bay of Bengal 2.42 mil Visakhapatnam
20%
No matching quizzes found
Score Distribution
Percent of People with Each Score
Percentile by Number Answered
Your Score History
You have not taken this quiz since the last reset